LEADER 01008nam2 22002653i 450 001 SUN0060468 005 20160405020243.553 010 $a88-13-26297-3 100 $a20070717d2006 |0itac50 ba 101 $aita 102 $aIT 105 $a|||| ||||| 200 1 $aˆ2: ‰Elementi$fPaolo Spada 210 $aPadova$cCEDAM$d2006 215 $axi, 211 p.$d21 cm. 461 1$1001SUN0018427$12001 $a*Diritto commerciale$fPaolo Spada$v2$1210 $aPadova$cCEDAM$1215 $avolumi$d21 cm. 620 $dPadova$3SUNL000007 700 1$aSpada$b, Paolo$f1943- $3SUNV063919$0230844 712 $aCEDAM$3SUNV005537$4650 801 $aIT$bSOL$c20181109$gRICA 912 $aSUN0060468 950 $aUFFICIO DI BIBLIOTECA DEL DIPARTIMENTO DI GIURISPRUDENZA$d00 CONS VI.Ea.175 (2) $e00 33201 995 $aUFFICIO DI BIBLIOTECA DEL DIPARTIMENTO DI GIURISPRUDENZA$h33201$kCONS VI.Ea.175 (2)$op$qa 996 $aElementi$91438103 997 $aUNICAMPANIA LEADER 02314nam 2200637Ia 450 001 9910454880303321 005 20200520144314.0 010 $a1-280-06018-2 010 $a9786610060184 010 $a0-203-20013-6 035 $a(CKB)111056485530352 035 $a(EBL)180043 035 $a(OCoLC)437250791 035 $a(SSID)ssj0000099516 035 $a(PQKBManifestationID)11122378 035 $a(PQKBTitleCode)TC0000099516 035 $a(PQKBWorkID)10008430 035 $a(PQKB)10450598 035 $a(MiAaPQ)EBC180043 035 $a(Au-PeEL)EBL180043 035 $a(CaPaEBR)ebr10060905 035 $a(CaONFJC)MIL6018 035 $a(EXLCZ)99111056485530352 100 $a19850115d1985 uy 0 101 0 $aeng 135 $aur|n|---||||| 181 $ctxt 182 $cc 183 $acr 200 10$aAdvocacy and empowerment$b[electronic resource] $emental health care in the community /$fStephen M. Rose and Bruce L. Black 210 $aBoston $cRoutledge & Kegan Paul$d1985 215 $a1 online resource (240 p.) 300 $aDescription based upon print version of record. 311 $a0-203-27849-6 311 $a0-415-15128-7 320 $aIncludes bibliography: p. [228]-231. 330 $aRelevant and thought-provoking, describes a new and imaginative approach to the needs of de-institutionalised people returning to care in the community. It shows that there is a challenging but dynamic contribution to be made by all community mental health workers in restoring dignity to the lives of those who have tragically been robbed of such a basic human need. 606 $aMental health services$zUnited States 606 $aMentally ill$xRehabilitation$zUnited States 606 $aMental health policy$zUnited States 606 $aMental health laws$zUnited States 608 $aElectronic books. 615 0$aMental health services 615 0$aMentally ill$xRehabilitation 615 0$aMental health policy 615 0$aMental health laws 676 $a362.2/0973 700 $aRose$b Stephen M$0876255 701 $aBlack$b Bruce L$0876256 801 0$bMiAaPQ 801 1$bMiAaPQ 801 2$bMiAaPQ 906 $aBOOK 912 $a9910454880303321 996 $aAdvocacy and empowerment$91956886 997 $aUNINA